[Event "Barcelona Sant Marti op-B 23rd"]
[Site "Barcelona"]
[Date "2023.07.20"]
[Round "8"]
[White "Rull Monclus, Arnau"]
[Black "Negreira Rodriguez, Daniel"]
[Result "1-0"]
[WhiteElo "1458"]
[BlackElo "1466"]
[PlyCount "75"]
[EventDate "2023.07.13"]
[EventType "swiss"]
[EventRounds "9"]
[EventCountry "ESP"]
[SourceTitle "CBM 215 Extra"]
[Source "ChessBase"]
[SourceDate "2023.09.30"]
[SourceVersion "1"]
[SourceVersionDate "2023.09.30"]
[SourceQuality "1"]

1. e4 e5 2. Bc4 Nc6 3. Nf3 Bc5 4. d3 h6 5. Be3 Bxe3 6. fxe3 d6 7. d4 Nf6 8. Nc3 exd4 9. exd4 Bg4 10. Qd3 Qe7 11. 0-0-0 0-0-0 12. h3 Bh5 13. g4 Bg6 14. Rhe1 Nb4 15. Qe3 Qd7 16. a3 Nc6 17. e5 d5 18. exf6 dxc4 19. fxg7 Rhg8 20. Qxh6 Qd6 21. Nb5 Qd5 22. Re2 Qxf3 23. Rde1 Qf6 24. Qe3 Qxg7 25. Qf4 f6 26. Re7 Rd7 27. Rxg7 Rdxg7 28. Qxf6 Rf7 29. Qe6+ Kd8 30. Qxc4 Rgf8 31. d5 Rf2 32. Re2 R2f4 33. Qc3 Rf3 34. Qd2 Nb8 35. Qg5+ R3f6 36. Qe5 R6f7 37. Nxc7 Bxc2 38. Ne6+ 1-0

[Event "Barcelona Sant Marti op-B 23rd"]
[Site "Barcelona"]
[Date "2023.07.19"]
[Round "7"]
[White "Pujal Moncho, Joaquim"]
[Black "Negreira Rodriguez, Daniel"]
[Result "1-0"]
[WhiteElo "1670"]
[BlackElo "1466"]
[PlyCount "87"]
[EventDate "2023.07.13"]
[EventType "swiss"]
[EventRounds "9"]
[EventCountry "ESP"]
[SourceTitle "CBM 215 Extra"]
[Source "ChessBase"]
[SourceDate "2023.09.30"]
[SourceVersion "1"]
[SourceVersionDate "2023.09.30"]
[SourceQuality "1"]

1. d4 d5 2. e3 c5 3. f4 Nf6 4. Nf3 Nc6 5. c3 c4 6. Be2 b5 7. 0-0 h6 8. Bd2 Ne4 9. Be1 Bf5 10. Nbd2 Nf6 11. Ne5 Qc7 12. g4 Bh7 13. Bg3 Qc8 14. g5 Ne4 15. Bg4 e6 16. Nxe4 Bxe4 17. Bf3 Bf5 18. Qe1 Nxe5 19. fxe5 hxg5 20. e4 Bh3 21. Bg2 Qb7 22. Bxh3 Rxh3 23. exd5 Qxd5 24. Qf2 Qd7 25. Qg2 Rxg3 26. hxg3 Rb8 27. a3 a5 28. Rad1 b4 29. axb4 axb4 30. Rf2 Qb5 31. Qf3 Rb7 32. Rfd2 bxc3 33. bxc3 Qb6 34. Kg2 Ba3 35. d5 exd5 36. Qxd5 Qc7 37. e6 fxe6 38. Qxe6+ Be7 39. Qg8+ Bf8 40. Re2+ Qe7 41. Rxe7+ Rxe7 42. Qxc4 g6 43. Qc8+ Kf7 44. Rf1+ 1-0

[Event "Foment Martinenc op-C 22nd"]
[Site "Barcelona"]
[Date "2022.05.07"]
[Round "3"]
[White "Negreira Rodriguez, Daniel"]
[Black "Membrives Cano, Diego"]
[Result "1-0"]
[WhiteElo "1728"]
[BlackElo "1590"]
[PlyCount "49"]
[EventDate "2022.04.23"]
[EventType "swiss"]
[EventRounds "9"]
[EventCountry "ESP"]
[SourceTitle "EXT 2023"]
[Source "ChessBase"]
[SourceDate "2022.10.05"]
[SourceVersion "1"]
[SourceVersionDate "2022.10.05"]
[SourceQuality "1"]

1. d4 Nf6 2. c4 e5 3. dxe5 Ng4 4. Nf3 Nc6 5. Nc3 Ngxe5 6. e4 Bc5 7. Be2 d6 8. 0-0 Bg4 9. Nxe5 Bxe2 10. Qxe2 Nxe5 11. a3 a5 12. b3 0-0 13. Bb2 c6 14. Rad1 Qb6 15. Na4 Qxb3 16. Nxc5 dxc5 17. Bxe5 Qxa3 18. Ra1 Qb3 19. Rfb1 a4 20. Rxb3 axb3 21. Rxa8 Rxa8 22. Qb2 Ra2 23. Qxb3 Re2 24. f3 f6 25. Bd6 1-0

[Event "Barcelona Sant Marti op-B 5th"]
[Site "Barcelona"]
[Date "2016.02.11"]
[Round "5"]
[White "Negreira Rodriguez, Daniel"]
[Black "Orts Gonzalez, Rafael"]
[Result "1-0"]
[WhiteElo "1572"]
[BlackElo "1170"]
[PlyCount "91"]
[EventDate "2016.01.14"]
[EventType "swiss"]
[EventRounds "9"]
[EventCountry "ESP"]
[SourceTitle "EXT 2017"]
[Source "ChessBase"]
[SourceDate "2016.10.25"]
[SourceVersion "1"]
[SourceVersionDate "2016.10.25"]
[SourceQuality "1"]

1. e4 b6 2. d4 h6 3. Nf3 Bb7 4. d5 d6 5. b3 Nd7 6. Bb2 c6 7. c4 Nc5 8. Nc3 Qd7 9. Be2 e6 10. 0-0 0-0-0 11. b4 Na6 12. Qa4 c5 13. b5 Nc7 14. Qxa7 Na8 15. a4 Qc7 16. Rfb1 Rd7 17. Bc1 Qd8 18. a5 Bxd5 19. Qxd7+ Qxd7 20. cxd5 Be7 21. a6 Qa7 22. Be3 Bf6 23. Rc1 Nc7 24. Ra2 Ne7 25. Na4 Na8 26. Nd4 Kd7 27. Nc6 Nxc6 28. dxc6+ Kc7 29. Rd1 g5 30. Bh5 Rh7 31. f4 Rg7 32. Rad2 Bd4 33. Bxd4 cxd4 34. Rxd4 f5 35. Rxd6 Rg8 36. Rd7+ Kb8 37. Rxa7 Kxa7 38. Rd7+ Kb8 39. Rb7+ Kc8 40. Nxb6+ Nxb6 41. Rxb6 Kc7 42. Rb7+ Kd6 43. c7 Kd7 44. Rb8 Rc8 45. b6 fxe4 46. a7 1-0

[Event "Barcelona Sant Marti op-B 16th"]
[Site "Barcelona"]
[Date "2014.07.19"]
[Round "7"]
[White "Peiron Lluch, Jose Daniel"]
[Black "Negreira Rodriguez, Daniel"]
[Result "1-0"]
[WhiteElo "1990"]
[BlackElo "1786"]
[PlyCount "95"]
[EventDate "2014.07.13"]
[EventType "swiss"]
[EventRounds "9"]
[EventCountry "ESP"]
[SourceTitle "CBM 161 Extra"]
[Source "ChessBase"]
[SourceDate "2014.08.29"]
[SourceVersion "1"]
[SourceVersionDate "2014.08.29"]
[SourceQuality "1"]

1. e4 e5 2. Nf3 Nf6 3. Nxe5 d6 4. Nf3 Nxe4 5. Nc3 d5 6. Qe2 Be7 7. Nxe4 dxe4 8. Qxe4 0-0 9. Bc4 Bf6 10. 0-0 Re8 11. Qf4 Nc6 12. c3 Ne5 13. Nxe5 Rxe5 14. d4 Rg5 15. Qf3 Rf5 16. Qe4 Rb8 17. Re1 Bd7 18. Bd3 Rh5 19. Qf3 g6 20. Bf4 Bc6 21. Be4 Bxe4 22. Rxe4 Qd7 23. Rae1 Rf5 24. Qe3 g5 25. Qg3 Rxf4 26. Rxf4 Qc6 27. h4 h6 28. hxg5 Bxg5 29. Rfe4 Kh7 30. Qd3 Qg6 31. Qg3 Rg8 32. f4 f5 33. Re6 Bf6 34. Qxg6+ Rxg6 35. Rxf6 Rxf6 36. Re7+ Kg6 37. Rxc7 Rb6 38. b3 Kh5 39. Kf2 Kg4 40. g3 a5 41. Rc5 a4 42. b4 h5 43. a3 h4 44. gxh4 Kxf4 45. d5 Rh6 46. Rc4+ Ke5 47. Rd4 f4 48. d6 1-0

[Event "Barcelona Sant Marti op-B 16th"]
[Site "Barcelona"]
[Date "2014.07.18"]
[Round "6"]
[White "Negreira Rodriguez, Daniel"]
[Black "Tortosa Moros, Joan"]
[Result "1-0"]
[WhiteElo "1786"]
[BlackElo "1941"]
[PlyCount "58"]
[EventDate "2014.07.13"]
[EventType "swiss"]
[EventRounds "9"]
[EventCountry "ESP"]
[SourceTitle "CBM 161 Extra"]
[Source "ChessBase"]
[SourceDate "2014.08.29"]
[SourceVersion "1"]
[SourceVersionDate "2014.08.29"]
[SourceQuality "1"]

1. e4 c5 2. Nc3 Nc6 3. Nf3 g6 4. d4 cxd4 5. Nxd4 Bg7 6. Be3 Nf6 7. Qd2 Ng4 8. Nxc6 bxc6 9. Bf4 Qa5 10. h3 Ne5 11. Bh6 Bxh6 12. Qxh6 Ba6 13. Qg7 0-0-0 14. Bxa6+ Kc7 15. f4 Nf3+ 16. gxf3 Qxa6 17. Qe5+ Kc8 18. Qxe7 Qb6 19. 0-0-0 Qe3+ 20. Rd2 Qxf3 21. Rhd1 Qxf4 22. Na4 Rhe8 23. Qc5 Rxe4 24. Nc3 Re3 25. Nd5 Re5 26. Ne7+ Kb7 27. Qd6 Qg5 28. Nxc6 Re6 29. Nxd8+ Kc8 1-0

[Event "Barcelona Sant Marti op-B 16th"]
[Site "Barcelona"]
[Date "2014.07.16"]
[Round "4"]
[White "Negreira Rodriguez, Daniel"]
[Black "Subirana Santos, Marc"]
[Result "0-1"]
[WhiteElo "1786"]
[BlackElo "1912"]
[PlyCount "70"]
[EventDate "2014.07.13"]
[EventType "swiss"]
[EventRounds "9"]
[EventCountry "ESP"]
[SourceTitle "CBM 161 Extra"]
[Source "ChessBase"]
[SourceDate "2014.08.29"]
[SourceVersion "1"]
[SourceVersionDate "2014.08.29"]
[SourceQuality "1"]

1. e4 g6 2. d4 Bg7 3. e5 d6 4. f4 Nh6 5. Nf3 0-0 6. Nc3 a6 7. h3 dxe5 8. fxe5 Nc6 9. Be3 Nf5 10. Qd2 Nxe3 11. Qxe3 Nb4 12. 0-0-0 Nd5 13. Qd2 b5 14. Ne4 c6 15. g4 a5 16. Nc5 a4 17. c4 bxc4 18. Bxc4 Nb6 19. Bd3 Rb8 20. Rdg1 Qd5 21. Be2 Qxa2 22. Qb4 Be6 23. Na6 Nc4 24. Nxb8 Bh6+ 25. g5 Bg7 26. Nxc6 a3 27. Nxe7+ Kh8 28. bxa3 Nxa3 29. Bd3 Nc4 30. Rh2 Qa8 31. Rf1 Rb8 32. Qc3 Bf8 33. Bxc4 Bxe7 34. Bxe6 fxe6 35. Rc2 Bb4 0-1